000 00537cam a22002291 4500
001 7026511
005 20171226075340.0
008 770818s1960 xx 000 0 eng
010 _a 61002994
015 _aGB61-325
035 _a(OCoLC)3199382
040 _aDLC
_cOC
_dUk
_dDLC
041 _aeng
042 _apremarc
080 _a621.381 CAR
082 _a621.381 CAR
100 1 _a27
101 _aIM
245 0 0 _aDictionary of electronics.
906 _a7
_bcbc
_coclcrpl
_du
_encip
_f19
_gy-gencatlg
942 _2ddc
_cBK
999 _c39412
_d39412